[Event "MCRE_SF18"]
[Site "?"]
[Date "2009.??.??"]
[Round "1"]
[White "Pirhala, Ladislav"]
[Black "Machotka, Jaroslav"]
[Result "1/2-1/2"]
[WhiteElo "2190"]
[BlackElo "2040"]
[PlyCount "132"]
[EventDate "2009.??.??"]
[EventType "corr"]
[EventRounds "2"]

1. e4 e5 2. f4 exf4 3. Nf3 d6 4. d4 g5 5. h4 g4 6. Ng1 Qf6 7. Nc3 Ne7 8. Nge2
Bh6 9. Qd2 Bd7 10. g3 Nbc6 11. gxf4 O-O-O 12. d5 Ne5 13. Bg2 Nf3+ 14. Bxf3 gxf3
15. Qd4 Qxd4 16. Nxd4 Bg7 17. Nxf3 Bg4 18. Kf2 f5 19. e5 dxe5 20. Nxe5 Bh5 21.
Bd2 Nxd5 22. Nxd5 Rxd5 23. Bc3 Bf6 24. Ng6 Rg8 25. Rag1 Rxg6 26. Rxg6 hxg6 27.
Bxf6 Rd2+ 28. Kg3 Rxc2 29. Rh2 Rc1 30. Rd2 b6 31. Rd8+ Kb7 32. Rd7 a5 33. Be5
b5 34. Rd5 Kc6 35. Rd8 b4 36. Ra8 Kb6 37. Rb8+ Ka7 38. Rb5 Ka6 39. Rb8 Rc2 40.
a3 bxa3 41. bxa3 c5 42. a4 Rc4 43. Bd6 Rb4 44. Rc8 Rxa4 45. Rc6+ Kb7 46. Rxc5
Ra2 47. Rd5 Kc6 48. Rd4 Kb5 49. Bf8 Ra4 50. Rd5+ Kc4 51. Rc5+ Kd4 52. Re5 Ra2
53. Rb5 a4 54. Rb1 Kc3 55. Rc1+ Kd3 56. Rb1 Rc2 57. Ra1 Rc8 58. Bd6 Ra8 59. Kf2
Ra6 60. Ra3+ Kc4 61. Bf8 Bd1 62. Re3 Bb3 63. Ba3 Bc2 64. Ke2 Rb6 65. Rg3 Be4
66. Kd2 Rb3 1/2-1/2

[Event "MCRE_SF18"]
[Site "?"]
[Date "2009.??.??"]
[Round "2"]
[White "Machotka, Jaroslav"]
[Black "Pirhala, Ladislav"]
[Result "1/2-1/2"]
[WhiteElo "2040"]
[BlackElo "2190"]
[PlyCount "145"]
[EventDate "2009.??.??"]
[EventType "corr"]
[EventRounds "2"]

1. e4 c5 2. Nf3 d6 3. d4 cxd4 4. Nxd4 Nf6 5. Nc3 a6 6. Be2 e5 7. Nb3 Be7 8. O-O
O-O 9. Be3 Be6 10. Qd3 Nbd7 11. Nd5 Bxd5 12. exd5 Qc8 13. a4 Bd8 14. a5 e4 15.
Qd4 Ne5 16. Nd2 Qf5 17. c4 Re8 18. h3 Rc8 19. Qa7 Rc7 20. Qb6 Rd7 21. Qb4 Nd3
22. Bxd3 exd3 23. Rfe1 h5 24. Qa3 Rde7 25. Nf1 Qe4 26. Rac1 h4 27. Qxd6 Nh5 28.
Bd2 Qf5 29. Re3 Rxe3 30. Nxe3 Qc8 31. Rd1 Bg5 32. Qa3 Nf4 33. d6 Bd8 34. Qa4
Re4 35. Kf1 Qe6 36. Qb3 Nxh3 37. Qxb7 Ng5 38. Qa8 Qxd6 39. Qd5 Qxd5 40. cxd5
Kf8 41. Nf5 g6 42. Nd6 Ra4 43. Nb7 Ne4 44. Be1 d2 45. Bxd2 Nxd2+ 46. Rxd2 Ra1+
47. Ke2 Bxa5 48. Rd4 Ke7 49. Re4+ Kd7 50. Rf4 f5 51. Rxh4 Re1+ 52. Kf3 Bb6 53.
b4 Rf1 54. Rh7+ Ke8 55. Kf4 Rxf2+ 56. Ke5 Re2+ 57. Kd6 Bd4 58. Nc5 Bf6 59. Kc7
Rxg2 60. d6 Re2 61. Kc8 f4 62. d7+ Kf8 63. Nxa6 Rb2 64. Nc7 Rxb4 65. Ne6+ Kg8
66. Rg7+ Kh8 67. Rxg6 Be7 68. Rg7 Bh4 69. Kc7 f3 70. Rf7 f2 71. Rxf2 Bg3+ 72.
Kc6 Rb6+ 73. Kxb6 1/2-1/2